Word Ladder: Tell Me How You Really Feel Quiz Stats

Quiz Updated Jan 10, 2016

Challenge
Share
Tweet
Embed
Score 0/14 Timer 01:30
5 Plays Today
Hint Answer % Correct
✦ Revolver or AK-47, e.g. ✦✦ GUN ✦
97.8%
Short sleepNAP
96.3%
Source of light and heatSUN
96.1%
Male childSON
96%
'Janie's ___ a Gun' Aerosmith songGOT
95.8%
Where chapstick is appliedLIP
94%
Bodily area where a quick feeling/reaction occursGUT
92.5%
Hint Answer % Correct
✦ ___ Another Teen Movie ✦✦ NOT ✦
92.1%
Seated person's area between hips and kneesLAP
91.1%
To put on, like a capeDON
90.2%
Homer's exasperated utteranceDOH
84.5%
✦ Empirical formula for sodium hydride ✦✦ NaH ✦
74.4%
Japanese musical drama NOH
69.5%
✦ Rest or recline ✦✦ LIE ✦
63.6%

Today's Daily Dose

Missing Word
For Dummies Books

Word Ladder
Ariana Grande

Quick Pick
1970s Authors

On This Day
June 21st II

You're not logged in!

Compare scores with friends on all Sporcle quizzes.
Join for Free
OR
Log In

You Might Also Like...

Show Comments

Extras

Top Quizzes Today


Score Distribution

Your Account Isn't Verified!

In order to create a playlist on Sporcle, you need to verify the email address you used during registration. Go to your Sporcle Settings to finish the process.

Report this User

Report this user for behavior that violates our Community Guidelines.

Details: